Countries That Have Ever Bordered South Africa - Statistics

General Stats
  • This quiz has been taken 131 times
  • The average score is 10 of 12
Answer Stats
Years Country % Correct
1968- Eswatini
97%
1966- Lesotho
97%
1990- Namibia
97%
1966- Botswana
95%
1975- Mozambique
94%
1910-19681979-1980 United Kingdom
94%
1980- Zimbabwe
93%
1964-1990 Zambia
77%
1910-1915 Germany
76%
1975-1990 Angola
75%
1910-1975 Portugal
71%
1965-1979 Rhodesia
66%
No matching quizzes found
Score Distribution
Percent of People with Each Score
Percentile by Number Answered
Your Score History
You have not taken this quiz